Del portar della lingua negli instrumenti di fiato: per una corretta interpretazione delle sillabe articolatorie nella trattatistica dei secc. XVI-XVIII

Guardat en:
Dades bibliogràfiques
Autors principals: Castellani, Marcello (Autor), Durante, Elio (Autor)
Format: Llibre
Idioma:italià
Publicat: Florencia Studio per Edizioni Scelte 1979
Col·lecció:Archivum Musicum
Matèries:
Etiquetes: Afegir etiqueta
Sense etiquetes, Sigues el primer a etiquetar aquest registre!

MARC

LEADER 00000nam a2200000 a 4500
001 UCN2738
003 CL-VaPUC
005 20231109092312.0
008 010531e19790000IT |||||||||||||||||ita|d
999 |c 295793  |d 295791 
040 |c Pontificia Universidad Católica de Valparaíso 
082 0 4 |a 788.1934 CAS 1979  |2 21 
100 0 |a Castellani, Marcello  |e author  |9 458890 
245 1 0 |a Del portar della lingua negli instrumenti di fiato: per una corretta interpretazione delle sillabe articolatorie nella trattatistica dei secc. XVI-XVIII 
260 |a Florencia  |b Studio per Edizioni Scelte  |c 1979 
300 |a 177 p 
490 0 |a Archivum Musicum 
583 |a last modification  |c 20010531 00:00:00  |k Rodrigo Vera 
650 0 |a Instrumentos de viento  |9 373984 
650 0 |a Ejecución instrumental  |2 CL-VaPUC  |9 416980 
650 0 |a Interpretación musical  |9 458698 
650 0 |a Música siglos 16-18  |2 CL-VaPUC  |9 458889 
700 0 |a Durante, Elio  |e author  |9 458891 
942 |c BK  |2 ddc 
945 |d 20010531 00:00:00  |a crobeson 
952 |0 0  |1 0  |4 0  |6 788_193400000000000_CAS_1979  |7 0  |8 A  |9 349145  |a BIBEDU  |b BIBEDU  |d 2019-11-20  |i 1186019  |o 788.1934 CAS 1979  |p 1186019  |r 2023-01-12  |w 2019-11-20  |y BK  |k MUS 
952 |0 0  |1 0  |4 0  |6 788_193400000000000_CAS_1979  |7 0  |8 A  |9 349146  |a BIBEDU  |b BIBEDU  |d 2019-11-20  |i 1186027  |o 788.1934 CAS 1979  |p 1186027  |r 2022-01-17  |w 2019-11-20  |y BK  |k MUS